000 00561nam a2200181Ia 4500
003 GCL
008 140319s9999 xx 000 0 ara d
040 _aGCL /
_cGCL
082 0 4 _a953
_bس ا
100 1 _aسليمان الخطيب
245 1 0 _aاسس مفهوم الحضارة فى الاسلام /
_cسليمان الخطيب
260 _a[S.N] :
_bالزهراء للاعلام العربى ،
_c1986
300 _a385 ص
490 _a
650 0 4 _aالتاريخ الاسلامى
650 0 4 _aالحضارة الاسلامية
942 _2ddc
_cBK
999 _c53514
_d53514